000
00266nam a2200109Ia 4500
008
190907s9999||||xx |||||||||||||| ||und||
100
_a
Azam Maraj
245
0
_a
Main To State Agent Ho Gaya
260
_a
Lahore
_b
Royal Book Company
_c
2005
300
_a
112
942
_c
BK
999
_c
6253
_d
6253